000 00650nam a2200205 i 4500
001 37937
003 ES-MaACL
005 20250220063058.0
007 t|
008 030224s1933 sp ||||1| spa d
100 1 _aBurgos Lecea, Francisco,
_932666
_d1898-1951
_eaut
245 1 4 _aLos caballitos del diablo :
_blibro de cuentos /
_c[Francisco] Burgos Lecea.
260 _a[Madrid :
_bHijos de T. Minuesa de los Ríos,
_c1933]
300 _a183 páginas ;
_c19 cm.
655 7 _2tgfbne
_9226829
_aCuentos
852 _aES-MaACL
_jA-4036
_cSPP1
942 _2udc
_cMONOGRAFIA
_n0
999 _c37937
_d37937